[Event "Kazan-ch op 85th"]
[Site "Kazan"]
[Date "2008.11.27"]
[Round "5"]
[White "Popov, Yuriy1111"]
[Black "Igudesman, Boris"]
[Result "0-1"]
[WhiteElo "1988"]
[BlackElo "2064"]
[PlyCount "86"]
[EventDate "2008.11.22"]
[EventType "swiss"]
[EventRounds "11"]
[EventCountry "RUS"]
[SourceTitle "EXT 2022"]
[Source "ChessBase"]
[SourceDate "2021.10.06"]
[SourceVersion "1"]
[SourceVersionDate "2021.10.06"]
[SourceQuality "1"]

1. d4 Nf6 2. Nc3 d5 3. Bg5 Nbd7 4. Nf3 g6 5. e3 Bg7 6. Bd3 0-0 7. h4 h6 8. Bf4 c6 9. Qd2 Ng4 10. Nh2 Nxh2 11. Rxh2 e5 12. dxe5 Nxe5 13. Bxe5 Bxe5 14. f4 Bf6 15. 0-0-0 b5 16. h5 b4 17. Na4 Qa5 18. b3 g5 19. fxg5 Bxg5 20. Kb1 d4 21. Bc4 Qe5 22. Qd3 Qxh2 23. Qg6+ Kh8 24. Rf1 Be6 25. Qe4 Bxc4 26. Qxd4+ f6 27. Qxc4 Qxg2 28. Nc5 Qd5 29. Qxb4 Rab8 30. Qc3 Rbe8 31. e4 Qe5 32. Qb4 Rd8 33. Nd7 c5 34. Nxe5 cxb4 35. Ng6+ Kg7 36. Nxf8 Kxf8 37. Kb2 Rd2 38. e5 Ke7 39. Re1 fxe5 40. Rxe5+ Kd6 41. Rb5 Bf6+ 42. Kc1 Bc3 43. Ra5 Re2 0-1

[Event "Tatarstan-ch op"]
[Site "Kazan"]
[Date "2008.08.29"]
[Round "9"]
[White "Tukhvatullin, Timur"]
[Black "Igudesman, Boris"]
[Result "1-0"]
[WhiteElo "2226"]
[BlackElo "2033"]
[PlyCount "43"]
[EventDate "2008.08.21"]
[EventType "swiss"]
[EventRounds "9"]
[EventCountry "RUS"]
[SourceTitle "EXT 2010"]
[Source "ChessBase"]
[SourceDate "2010.11.25"]
[SourceVersion "1"]
[SourceVersionDate "2010.11.25"]
[SourceQuality "1"]

1. e4 c5 2. Nf3 e6 3. d4 cxd4 4. Nxd4 Nf6 5. Bd3 Nc6 6. Nxc6 bxc6 7. 0-0 e5 8. Nc3 Be7 9. f4 exf4 10. e5 Nd5 11. Nxd5 cxd5 12. Bxf4 0-0 13. Qh5 g6 14. Qf3 Qb6+ 15. Kh1 Qe6 16. Bh6 Re8 17. Qg3 d6 18. Rae1 dxe5 19. Rxe5 Qc6 20. Rfe1 Be6 21. Rxe6 fxe6 22. Bxg6 1-0

[Event "Tatarstan-ch op"]
[Site "Kazan"]
[Date "2008.08.28"]
[Round "8"]
[White "Igudesman, Boris"]
[Black "Sabaev, Evgueni"]
[Result "0-1"]
[WhiteElo "2033"]
[BlackElo "2248"]
[PlyCount "116"]
[EventDate "2008.08.21"]
[EventType "swiss"]
[EventRounds "9"]
[EventCountry "RUS"]
[SourceTitle "EXT 2010"]
[Source "ChessBase"]
[SourceDate "2010.11.25"]
[SourceVersion "1"]
[SourceVersionDate "2010.11.25"]
[SourceQuality "1"]

1. c4 g6 2. Nc3 Bg7 3. Nf3 d6 4. g3 Nc6 5. Bg2 e5 6. d3 Nf6 7. 0-0 0-0 8. e4 Nd7 9. Nd5 a5 10. Rb1 Nc5 11. Ng5 Ne6 12. f4 Ncd4 13. Nxe6 fxe6 14. Nc3 exf4 15. Bxf4 e5 16. Be3 c6 17. Qd2 Bg4 18. Rxf8+ Qxf8 19. Rf1 Qe7 20. h3 Be6 21. Kh2 Qd7 22. Ne2 a4 23. Nxd4 exd4 24. Bf4 c5 25. Bg5 Rf8 26. Rxf8+ Bxf8 27. Bf6 b5 28. b3 axb3 29. axb3 bxc4 30. bxc4 Bg7 31. Qf4 Qf7 32. Bxg7 Qxf4 33. gxf4 Kxg7 34. h4 Bg4 35. e5 dxe5 36. fxe5 Bf5 37. Bf1 h6 38. Kg3 g5 39. hxg5 hxg5 40. Be2 Kf7 41. Bf1 Ke6 42. Be2 Kxe5 43. Bf1 Kd6 44. Be2 Kc7 45. Kf2 Kb6 46. Bf1 Ka5 47. Ke2 Kb4 48. Kd2 Kb3 49. Bg2 Bg4 50. Bd5 Bh3 51. Be4 Bd7 52. Bg2 Bf5 53. Bd5 g4 54. Bc6 g3 55. Bg2 Bg4 56. Be4 Bh3 57. Ke2 Kc3 58. Kf3 Bf1 0-1

[Event "Tatarstan-ch op"]
[Site "Kazan"]
[Date "2008.08.27"]
[Round "7"]
[White "Shuvatkina, Tatyana V"]
[Black "Igudesman, Boris"]
[Result "0-1"]
[WhiteElo "2103"]
[BlackElo "2033"]
[PlyCount "102"]
[EventDate "2008.08.21"]
[EventType "swiss"]
[EventRounds "9"]
[EventCountry "RUS"]
[SourceTitle "EXT 2010"]
[Source "ChessBase"]
[SourceDate "2010.11.25"]
[SourceVersion "1"]
[SourceVersionDate "2010.11.25"]
[SourceQuality "1"]

1. d4 Nf6 2. c4 c5 3. Nf3 cxd4 4. Nxd4 Nc6 5. Nc3 e6 6. Nc2 a6 7. e4 Qc7 8. g3 b6 9. Bg2 Bb7 10. Bf4 d6 11. 0-0 Be7 12. h3 0-0 13. Qe2 Nd7 14. Rad1 Nde5 15. Ne3 Rac8 16. g4 g5 17. Bg3 Ng6 18. f4 gxf4 19. Bxf4 Nxf4 20. Rxf4 Ne5 21. Kh1 Bg5 22. Rf2 Qc5 23. Nc2 Nxc4 24. Nd4 Be3 25. Nb3 Qe5 26. Rff1 Nxb2 27. Qxb2 Rxc3 28. Rxd6 Bxe4 29. Bxe4 Qxe4+ 30. Qg2 Qe5 31. Rc6 Rxc6 32. Qxc6 Rd8 33. Qb7 Qd5+ 34. Qxd5 Rxd5 35. Kg2 a5 36. Kf3 Bg5 37. Ke4 a4 38. Nd4 Rc5 39. Rf3 Kg7 40. Rd3 Rc4 41. Kf3 Bf6 42. Ne2 b5 43. Rd7 b4 44. Rb7 a3 45. Nf4 Be5 46. Nxe6+ Kf6 47. Nd8 Bc7 48. Nc6 Rxc6 49. Rxb4 Rc2 50. Rb7 Bd6 51. Rb6 Ke6 0-1

[Event "Kostroma Volga Cup op"]
[Site "Kostroma"]
[Date "2008.07.??"]
[Round "3"]
[White "Maslov, Mikhail"]
[Black "Igudesman, Boris"]
[Result "1-0"]
[WhiteElo "2325"]
[BlackElo "2033"]
[PlyCount "59"]
[EventDate "2008.07.??"]
[EventType "swiss"]
[EventRounds "9"]
[EventCountry "RUS"]
[SourceTitle "EXT 2009"]
[Source "ChessBase"]
[SourceDate "2008.11.26"]
[SourceVersion "1"]
[SourceVersionDate "2008.11.26"]
[SourceQuality "1"]

1. c4 Nf6 2. d4 c5 3. d5 e5 4. Nc3 d6 5. e4 Be7 6. h3 0-0 7. Be3 Ne8 8. Qd2 f5 9. exf5 Bxf5 10. Nge2 a6 11. Ng3 Bd7 12. Bd3 Qa5 13. a4 b5 14. cxb5 axb5 15. Nxb5 Qxd2+ 16. Bxd2 Nf6 17. 0-0 Na6 18. Bc4 g6 19. Bc3 Nb4 20. Bxb4 cxb4 21. f4 exf4 22. Rxf4 Rfc8 23. Re1 Bf8 24. b3 Bxb5 25. Bxb5 Kg7 26. Bc6 Ra5 27. Ref1 Nxd5 28. Rf7+ Kg8 29. Bd7 Rc7 30. Rxf8+ 1-0

[Event "Kazan City-ch"]
[Site "Kazan"]
[Date "2007.12.09"]
[Round "9"]
[White "Vasilov, Artur"]
[Black "Igudesman, Boris"]
[Result "1-0"]
[WhiteElo "2194"]
[BlackElo "2026"]
[PlyCount "93"]
[EventDate "2007.11.24"]
[EventType "swiss"]
[EventRounds "11"]
[EventCountry "RUS"]
[SourceTitle "EXT 2009"]
[Source "ChessBase"]
[SourceDate "2008.11.26"]
[SourceVersion "1"]
[SourceVersionDate "2008.11.26"]
[SourceQuality "1"]

1. d4 Nf6 2. c4 c5 3. d5 e5 4. Nc3 d6 5. e4 Be7 6. Bd3 0-0 7. Nge2 Ne8 8. 0-0 g6 9. f4 exf4 10. Bxf4 Nd7 11. Ng3 Bg5 12. Nce2 Bxf4 13. Nxf4 Ne5 14. Be2 Qh4 15. Qe1 Nf6 16. Ngh5 Qxe1 17. Nxf6+ Kg7 18. Raxe1 Kxf6 19. Ne6+ Ke7 20. Nxf8 Kxf8 21. Rb1 Bd7 22. a3 b6 23. b4 cxb4 24. axb4 a5 25. bxa5 bxa5 26. Rfc1 Rc8 27. Ra1 a4 28. Bd1 Nd3 29. Rc3 Nc5 30. Rca3 Re8 31. Bc2 Kg7 32. Rb1 Kf6 33. Rf1+ Kg7 34. Raf3 Re7 35. Rf6 Nb7 36. e5 Bf5 37. Bxf5 gxf5 38. R6xf5 dxe5 39. Rg5+ Kf8 40. Rb1 f6 41. Rg3 e4 42. Kf2 f5 43. Ra3 Nc5 44. Ke3 Ra7 45. Kd4 Nd3 46. Rba1 Nf4 47. g3 1-0